Normal view
MARC view
- Umair Zulfiqar
Entry Personal Name
001 - CONTROL NUMBER
- control field: 70119
003 - CONTROL NUMBER IDENTIFIER
- control field: NUST
005 - DATE AND TIME OF LATEST TRANSACTION
- control field: 20210628204356.0
008 - FIXED-LENGTH DATA ELEMENTS
- fixed length control field: 210628|| aca||aabn | a|a d
040 ## - CATALOGING SOURCE
- Original cataloging agency: NUST
- Transcribing agency: NUST
100 ## - HEADING--PERSONAL NAME
- Personal name: Umair Zulfiqar
670 ## - SOURCE DATA FOUND
- Source citation: Work cat.: (NUST): Umair Zulfiqar, TH-SOF-1258-Improved Frequency Limited Interval Gramians based Model Order Reduction Techniques, 2016
